000 00328 a2200157 4500
001 174584
020 _a
040 _cMagnum
100 _aGóes, Lúcia Pimentel
240 1 0 _aAs duas caras da noite
_lpor
245 1 0 _aAs duas caras da noite
362 0 _a1899
440 1 _aModerna
697 _aI/POESIA
942 _cBK
999 _c174584
_d174584